| 000 | 00753nam a22002057a 4500 | ||
|---|---|---|---|
| 999 |
_c18628 _d18628 |
||
| 003 | AR-CdUCM | ||
| 008 | 190514b ||||| |||| 00| 0 spa d | ||
| 040 |
_aMUNICIPALIDAD PROVINCIAL DEL CUSCO _cBIBLIOTECA MUNICIPAL DEL CUSCO |
||
| 082 |
_a330.973 / _bE14 |
||
| 100 |
_aEckstein, Otto _921339 |
||
| 245 | _aExplotación de recursos hidráulicos / | ||
| 260 |
_aMexico : _bCRATDI, _c1964. |
||
| 300 |
_a324 páginas ; _c21 cm. |
||
| 505 | _aLa base teórica de los cálculos sobre los beneficios y los costos -- El crítico de los beneficios y los costos -- Continuación del criterio sobre beneficios y Costos... | ||
| 650 |
_aCostos. _923163 |
||
| 650 |
_aBeneficios. _935996 |
||
| 650 |
_aEconomía. _9382 |
||
| 942 |
_2ddc _cLIBROS |
||
| 945 | _awfj | ||